| 000 | 00440nam a2200169 4500 | ||
|---|---|---|---|
| 003 | CO-ViMGA | ||
| 020 | _a9789588737720 | ||
| 040 |
_aCO-ViMGA _bspa _cCO-ViMGA |
||
| 090 |
_aC _bP16f |
||
| 110 |
_aPanamericana Editorial Ltda. _91967 |
||
| 245 | 1 | 0 | _aFormas |
| 250 | _aPara pequeñines | ||
| 260 |
_aBogotá _bEditorial Panamericana Ltda. _c202 |
||
| 300 |
_a8 p. _bPestañas redondeadas |
||
| 650 | 1 | 4 |
_aLibro infantil _9449 |
| 942 |
_2ddc _cBK |
||
| 999 |
_c33652 _d33652 |
||